Dictionnaire des hiéroglyphes : hiéroglyphes-français /
محفوظ في:
المؤلف الرئيسي:
مؤلفون آخرون: ,
التنسيق: كتاب
اللغة: French
منشور في:
[France] :
Actes Sud,
c2010.
الموضوعات:
الوسوم: إضافة وسم
لا توجد وسوم, كن أول من يضع وسما على هذه التسجيلة!
رقم الطلب: PJ1430 .F7 B6 2010
| LEADER | 00808nam a22002297a 4500 | ||
|---|---|---|---|
| 003 | OSt | ||
| 005 | 20251020074121.0 | ||
| 008 | 251020t2010 fr a 000 0 fre d | ||
| 020 | |a 9782742789221 | ||
| 040 | |c ARCE Library | ||
| 050 | 1 | 4 | |a PJ1430 .F7 |b B6 2010 |
| 100 | 1 | |a Bonnamy, Yvonne. | |
| 245 | 1 | 0 | |a Dictionnaire des hiéroglyphes : |b hiéroglyphes-français / |c Yvonne Bonnamy, Ashraf-Alexandre Sadek ; préface Kenneth A.Kitchen. |
| 264 | 1 | |a [France] : |b Actes Sud, |c c2010. | |
| 300 | |a 986 p. : |b ill. ; |c 25 cm. | ||
| 650 | 0 | |a Egyptian language -- Dctionaries -- French. | |
| 650 | 0 | |a Egyptian language -- Writing, Hieroglyphic -- Dictionaries -- French. | |
| 700 | 1 | |a Sadek, Ashraf I. |q (Ashraf Iskander). | |
| 700 | 1 | |a Kitchen, Kenneth A. | |
| 901 | |a reviewed | ||
| 942 | |2 lcc |c BK | ||
| 999 | |c 49492 |d 49492 | ||
